Comedias religiosas / (Record n. 10983)

Dettagli MARC
000 -LEADER
fixed length control field 00846nam a22002411i 4500
003 - CONTROL NUMBER IDENTIFIER
control field IT-RoINE
005 - DATE AND TIME OF LATEST TRANSACTION
control field 20200723094735.0
008 - FIXED-LENGTH DATA ELEMENTS--GENERAL INFORMATION
fixed length control field 900725s1953 sp r ddspa d
040 ## - CATALOGING SOURCE
Original cataloging agency SpMaBN
Language of cataloging spa
Transcribing agency A2 IT-RoINE
100 1# - MAIN ENTRY--PERSONAL NAME
9 (RLIN) 16354
Personal name Calderón de la Barca, Pedro,
Dates associated with a name 1600-1681
245 10 - TITLE STATEMENT
Title Comedias religiosas /
Statement of responsibility, etc Calderón de la Barca ; prólogo y edición de Angel Valbuena.
260 ## - PUBLICATION, DISTRIBUTION, ETC. (IMPRINT)
Place of publication, distribution, etc Madrid :
Name of publisher, distributor, etc Espasa-Calpe,
Date of publication, distribution, etc 1953.
300 ## - PHYSICAL DESCRIPTION
Extent v. ;
Dimensions 19 cm.
336 ## - CONTENT TYPE
Source rdacontent
Content type term text
337 ## - MEDIA TYPE
Source rdamedia
Media type term unmediated
338 ## - CARRIER TYPE
Source rdacarrier
Carrier type term volume
490 1# - SERIES STATEMENT
Series statement Clásicos castellanos ;
Volume number/sequential designation 106
505 1# - FORMATTED CONTENTS NOTE
Formatted contents note I. La devoción de la Cruz -- El mágico prodigioso.
700 1# - ADDED ENTRY--PERSONAL NAME
Personal name Valbuena Prat, Ángel,
Dates associated with a name 1900-1977
9 (RLIN) 22602
740 31 - ADDED ENTRY--UNCONTROLLED RELATED/ANALYTICAL TITLE
Uncontrolled related/analytical title El Mágico prodigioso.
830 #0 - SERIES ADDED ENTRY--UNIFORM TITLE
9 (RLIN) 22520
Uniform title Clásicos castellanos (Espasa-Calpe) ;
Volume number/sequential designation 106
942 ## - ADDED ENTRY ELEMENTS (KOHA)
Item type Monografías
Dati di copia
Withdrawn status Lost status Damaged status Not for loan Home library Current library Date acquired Total Checkouts Full call number Barcode Date last seen Price effective from Koha item type Public note
        Iglesia Nacional Española en Roma Iglesia Nacional Española en Roma 16/02/2016   COL.A 31.106 19624 16/02/2016 16/02/2016 Monografías V. I.